| 000 | 01657nam a2200373 a 4500 | ||
|---|---|---|---|
| 001 | ebr10593247 | ||
| 003 | CaPaEBR | ||
| 006 | m u | ||
| 007 | cr cn||||||||| | ||
| 008 | 120426s2012 njuaf sb 001 0 eng d | ||
| 010 | _z 2012015250 | ||
| 020 | _z9781118397763 (pdf) | ||
| 020 | _z9781118397756 (epub) | ||
| 020 | _z9781118112861 (pbk.) | ||
| 020 | _z9781118397763 (e-book) | ||
| 040 |
_aCaPaEBR _cCaPaEBR |
||
| 035 | _a(OCoLC)811407617 | ||
| 050 | 1 | 4 |
_aHV551.2 _b.L63 2012eb |
| 082 | 0 | 4 |
_a363.34/561 _223 |
| 245 | 0 | 0 |
_aLocal planning for terror and disaster _h[electronic resource] : _bfrom bioterrorism to earthquakes / _cedited by Leonard A. Cole, Nancy D. Connell. |
| 260 |
_aHoboken, N.J. : _bJohn Wiley & Sons, _c2012. |
||
| 300 |
_axiv, 260 p., [8] p. of plates : _bcol. ill. |
||
| 504 | _aIncludes bibliographical references and index. | ||
| 505 | 0 | _apt. 1. Introduction : the known and the unknown -- pt. 2. Healthcare professionals -- pt. 3. Institutional management -- pt. 4. Support and security -- pt. 5. Conclusion. | |
| 533 |
_aElectronic reproduction. _bPalo Alto, Calif. : _cebrary, _d2011. _nAvailable via World Wide Web. _nAccess may be limited to ebrary affiliated libraries. |
||
| 650 | 0 |
_aEmergency management _vCase studies. |
|
| 650 | 0 |
_aDisaster relief _vCase studies. |
|
| 650 | 0 |
_aDisaster medicine _vCase studies. |
|
| 655 | 7 |
_aElectronic books. _2local |
|
| 700 | 1 |
_aCole, Leonard A., _d1933- |
|
| 700 | 1 |
_aConnell, Nancy D., _d1952- |
|
| 710 | 2 | _aebrary, Inc. | |
| 856 | 4 | 0 |
_uhttp://site.ebrary.com/lib/rucke/Doc?id=10593247 _zAn electronic book accessible through the World Wide Web; click to view |
| 999 |
_c214619 _d214619 |
||